[Event "Championnat de la Loire - Top20"]
[Site "Loire"]
[Date "2002.09.28"]
[Round "1.1"]
[White "Bellon, Yves"]
[Black "Testard, Philippe"]
[Result "0-1"]
[WhiteElo "1890"]
[BlackElo "2100"]
[PlyCount "84"]

1. d4 Nf6 2. c4 g6 3. Nc3 Bg7 4. e4 d6 5. f4 O-O 6. Nf3 c5 7. d5 e6 8. Bd3 exd5
9. cxd5 b5 10. O-O c4 11. Bc2 b4 12. Ne2 Re8 13. Ng3 Na6 14. Qe2 Nc5 15. e5 Ba6
16. Re1 dxe5 17. fxe5 Nxd5 18. h4 Qb6 19. Kh2 Rad8 20. h5 b3 21. hxg6 hxg6 22.
Be4 Nxe4 23. Qxe4 bxa2 24. Rxa2 Nb4 25. Be3 Qb5 26. Rxa6 Qxa6 27. Bd4 Nd3 28.
Re2 Nc1 29. Re1 Nb3 30. Bc3 Nc5 31. Qh4 Ne6 32. Ne4 Rd5 33. Nf6+ Bxf6 34. exf6
Rh5 35. Qxh5 gxh5 36. Nh4 Nc7 37. Rd1 Qc6 38. Nf5 Kh7 39. Ne7 Qe4 40. Rf1 Nd5
41. Rf5 Nxe7 42. Re5 Qxe5+ 0-1

[Event "Championnat de la Loire - Top20"]
[Site "Loire"]
[Date "2002.10.05"]
[Round "1.2"]
[White "Cizeron, Frederic"]
[Black "Walter, Alain"]
[Result "1-0"]
[WhiteElo "2092"]
[BlackElo "1840"]
[PlyCount "47"]

1. d4 Nf6 2. Nf3 g6 3. c4 Bg7 4. Nc3 d5 5. cxd5 Nxd5 6. Qb3 Nxc3 7. bxc3 O-O 8.
Ba3 b6 9. e3 Bb7 10. Bc4 Ba6 11. Bd5 c6 12. Be4 Qc7 13. h4 Nd7 14. h5 Nf6 15.
Ng5 h6 16. Nxf7 Nd5 17. hxg6 Rae8 18. Bf3 e6 19. Bxf8 Rxf8 20. Qa3 Bd3 21. Kd2
Bxg6 22. Nxh6+ Bxh6 23. Rxh6 c5 24. Rxg6+ 1-0

[Event "Championnat de la Loire - Top20"]
[Site "Loire"]
[Date "2002.09.28"]
[Round "1.3"]
[White "Ollier, Michel"]
[Black "Etlicher, Dominique"]
[Result "1-0"]
[WhiteElo "1830"]
[BlackElo "2040"]
[PlyCount "53"]

1. e4 c5 2. Nf3 d6 3. d4 cxd4 4. Nxd4 Nf6 5. Nc3 a6 6. Bg5 e6 7. f4 b5 8. e5
dxe5 9. fxe5 Qc7 10. exf6 Qe5+ 11. Be2 Qxg5 12. O-O Qe5 13. Kh1 Ra7 14. Nf3
Qxf6 15. Ne4 Qd8 16. Qe1 Nc6 17. Rd1 Rd7 18. Qg3 Qc7 19. Qh3 Ne5 20. Nfg5 Rxd1
21. Bxd1 Qc4 22. Rf4 Qd5 23. Bh5 Qxa2 24. g4 Bb7 25. Qc3 Qd5 26. Kg1 Be7 27.
Qc7 $138 1-0

[Event "Championnat de la Loire - Top20"]
[Site "Loire"]
[Date "2002.09.28"]
[Round "1.4"]
[White "Deville, Olivier"]
[Black "Petit, Didier"]
[Result "1-0"]
[WhiteElo "2032"]
[BlackElo "1810"]
[PlyCount "89"]

1. d4 Nf6 2. Nf3 e6 3. g3 c5 4. Bg2 d5 5. O-O cxd4 6. Nxd4 Nc6 7. c4 Bc5 8. Nb3
Be7 9. cxd5 Nxd5 10. a3 Bf6 11. e4 Nde7 12. Qxd8+ Nxd8 13. f4 e5 14. f5 Bd7 15.
Nc3 Bc6 16. Na5 a6 17. Be3 O-O 18. Rfd1 g6 19. Nd5 Nxd5 20. exd5 Bd7 21. fxg6
hxg6 22. d6 e4 23. Bd4 Bxd4+ 24. Rxd4 f5 25. Rc1 Ne6 26. Rb4 b5 27. Nc6 Kf7 28.
Ne5+ Ke8 29. Nxg6 Rf6 30. Ne5 Nd8 31. Rd4 Re6 32. Nxd7 Kxd7 33. Bh3 Re5 34.
Rc7+ Ke6 35. d7 Ke7 36. Bxf5 e3 37. Re4 Rxe4 38. Bxe4 Rb8 39. Bf5 Rb6 40. Rc3
Rd6 41. Rxe3+ Kf6 42. g4 Rd4 43. Re8 Nf7 44. Be6 Nd8 45. g5+ 1-0

[Event "Championnat de la Loire - Top20"]
[Site "Loire"]
[Date "2002.09.28"]
[Round "1.5"]
[White "Carrot, Patrick"]
[Black "Cursoux, Gerard"]
[Result "0-1"]
[WhiteElo "1780"]
[BlackElo "2030"]
[PlyCount "80"]

1. e4 c5 2. Nf3 d6 3. d4 cxd4 4. Nxd4 Nf6 5. Nc3 a6 6. Be2 e5 7. Nf3 Be7 8. O-O
Nbd7 9. Bc4 O-O 10. Re1 b5 11. Bb3 Nc5 12. a3 Nxb3 13. cxb3 Bb7 14. Qd3 h6 15.
b4 Qc7 16. b3 Rac8 17. Bb2 Qd7 18. a4 Bc6 19. axb5 axb5 20. Ra5 Rb8 21. Rea1
Bd8 22. Ra7 Qe6 23. R1a3 Bb6 24. R7a6 Rfd8 25. Kf1 d5 26. exd5 Nxd5 27. Nxd5
Rxd5 28. Qc2 f6 29. Ra1 Bb7 30. R6a2 Rc8 31. Qe2 Qd6 32. Ba3 e4 33. Ng1 Qxh2
34. Bc1 e3 35. Bxe3 Re5 36. Nf3 Qh1+ 37. Ng1 Qxg2+ 38. Ke1 Rd8 39. Qf1 Qe4 40.
Qe2 Qxb4+ 0-1

[Event "Championnat de la Loire - Top20"]
[Site "Loire"]
[Date "2002.09.28"]
[Round "1.6"]
[White "Dzaferi, Asip"]
[Black "Mujic, Saban"]
[Result "1-0"]
[WhiteElo "1990"]
[BlackElo "1780"]
[PlyCount "63"]

1. e4 c5 2. d4 cxd4 3. Nf3 Nc6 4. c3 dxc3 5. Nxc3 d6 6. Bc4 Nf6 7. e5 Nxe5 8.
Nxe5 dxe5 9. Bxf7+ Kxf7 10. Qxd8 e6 11. O-O g6 12. Bh6 Ne8 13. Bxf8 Rxf8 14.
Ne4 b6 15. Ng5+ Kg8 16. Nxe6 Bb7 17. Qg5 Rf5 18. Qe3 Nf6 19. Rac1 Nd5 20. Qb3
Rf7 21. Nc7 Rd8 22. Rfd1 Rfd7 23. h3 Kh8 24. Qg3 Nf4 25. Rxd7 Rxd7 26. Kh2 h6
27. Qe3 Kh7 28. Qxe5 Nd3 29. Qe6 Rg7 30. Ne8 Nf4 31. Nf6+ Kh8 32. Qe8+ 1-0

[Event "Championnat de la Loire - Top20"]
[Site "Loire"]
[Date "2002.09.28"]
[Round "1.7"]
[White "Rea, Laurent"]
[Black "Garon, Pierre"]
[Result "1/2-1/2"]
[WhiteElo "1760"]
[BlackElo "1960"]
[PlyCount "85"]

1. d4 d5 2. c4 c6 3. Nf3 Nf6 4. Nc3 e6 5. e3 Bd6 6. Qc2 Nbd7 7. Bd3 O-O 8. O-O
dxc4 9. Bxc4 Qe7 10. Bd2 e5 11. Bd3 Re8 12. dxe5 Nxe5 13. Nxe5 Qxe5 14. f4 Qh5
15. Rae1 Bd7 16. Bc1 Rad8 17. a3 Rc8 18. h3 Re7 19. Qf2 Rce8 20. e4 Bc5 21. Be3
Bxe3 22. Rxe3 Qc5 23. Rfe1 a6 24. Kh1 Qd4 25. Bb1 Be6 26. f5 Bc4 27. g4 Nd5 28.
Nxd5 Bxd5 29. Qc2 f6 30. b4 Kf8 31. Qd3 Qxd3 32. Bxd3 Re5 33. Kg1 Bf7 34. Kf2
Ke7 35. Kg3 h6 36. h4 Kd6 37. Kf3 R8e7 38. Kf4 Kc7 39. Rc1 Kb6 40. g5 hxg5+ 41.
hxg5 Rc7 42. gxf6 gxf6 43. Rh3 1/2-1/2

[Event "Championnat de la Loire - Top20"]
[Site "Loire"]
[Date "2002.09.29"]
[Round "1.8"]
[White "Poncet, Alain"]
[Black "Massard, Christian"]
[Result "1/2-1/2"]
[WhiteElo "1950"]
[BlackElo "1710"]
[PlyCount "53"]

1. e4 d5 2. exd5 Qxd5 3. Nc3 Qa5 4. d4 c6 5. Bd3 Nf6 6. Nge2 Bg4 7. O-O e6 8.
Bd2 Nbd7 9. a3 Qc7 10. Qe1 Bd6 11. f4 g6 12. Ng3 O-O-O 13. Nce4 Bf5 14. Nxd6+
Qxd6 15. Nxf5 gxf5 16. Be3 Rdg8 17. Rf3 Nh5 18. Bf1 Rg4 19. h3 Rg6 20. c4 Rhg8
21. Rd1 Ng3 22. Rd2 Nf6 23. d5 Nfe4 24. Rc2 exd5 25. cxd5 Nxf1 26. Qxf1 Qxd5
27. Bxa7 1/2-1/2

[Event "Championnat de la Loire - Top20"]
[Site "Loire"]
[Date "2002.10.19"]
[Round "2.2"]
[White "Graillon, David"]
[Black "Cizeron, Frederic"]
[Result "0-1"]
[WhiteElo "1940"]
[BlackElo "2092"]
[PlyCount "44"]

1. d4 d5 2. e4 dxe4 3. Nc3 Nf6 4. f3 exf3 5. Qxf3 Qxd4 6. Be3 Qg4 7. Qf2 e5 8.
Be2 Qe6 9. O-O-O Bb4 10. Nb5 Na6 11. c3 Qxa2 12. Bg5 Be7 13. Bxf6 Bxf6 14. Na3
Qe6 15. Nf3 Qb6 16. Qg3 Bf5 17. Nxe5 Nc5 18. Bc4 O-O 19. Rhf1 Ne4 20. Qf4 Bg5
21. Qxg5 Nxg5 22. Rxf5 g6 0-1

[Event "Championnat de la Loire - Top20"]
[Site "Loire"]
[Date "2002.10.19"]
[Round "2.3"]
[White "Fuster, Pierre"]
[Black "Deville, Olivier"]
[Result "0-1"]
[WhiteElo "1910"]
[BlackElo "2032"]
[PlyCount "122"]

1. e4 c5 2. Nf3 e6 3. d4 cxd4 4. Nxd4 Nc6 5. Nb5 d6 6. Bf4 e5 7. Be3 a6 8. N5c3
Nf6 9. Bc4 Na5 10. Be2 Be6 11. Nd5 Bxd5 12. exd5 Rc8 13. Na3 b5 14. c3 Be7 15.
O-O O-O 16. Nc2 Nc4 17. Bxc4 bxc4 18. Nb4 a5 19. Nc6 Qc7 20. Bb6 Qb7 21. Nxe7+
Qxe7 22. Bxa5 Qb7 23. Bb4 Nxd5 24. Qf3 Qc6 25. Rfd1 Nxb4 26. cxb4 Qxf3 27. gxf3
Rfd8 28. Rd5 Kf8 29. Rad1 Ke7 30. a4 Rb8 31. b5 Ra8 32. Ra1 Ra5 33. f4 f6 34.
fxe5 fxe5 35. f4 exf4 36. Rd4 d5 37. Rxf4 Rd7 38. Rf3 Rda7 39. Rfa3 Kd6 40. Kf2
Kc5 41. Ke3 d4+ 42. Kd2 Kb4 43. Rg3 Rf7 44. Ke2 Rxa4 45. Rxa4+ Kxa4 46. Rg4 d3+
47. Kd2 Kxb5 48. Kc3 Rc7 49. h4 g6 50. Re4 Kb6 51. Rf4 Rd7 52. Kd2 Kc5 53. Re4
Kd5 54. Rf4 Re7 55. Rf2 Re2+ 56. Rxe2 dxe2 57. Kxe2 h6 58. Ke3 g5 59. h5 Ke5
60. Kf3 Kf5 61. Kg3 g4 0-1

[Event "Championnat de la Loire - Top20"]
[Site "Loire"]
[Date "2002.10.19"]
[Round "2.4"]
[White "Cursoux, Gerard"]
[Black "Ollier, Michel"]
[Result "1/2-1/2"]
[WhiteElo "2030"]
[BlackElo "1830"]
[PlyCount "129"]

1. e4 c5 2. d4 cxd4 3. c3 d3 4. Bxd3 Nc6 5. c4 g6 6. Nf3 Bg7 7. Nc3 d6 8. h3
Nf6 9. Be3 Bd7 10. Qd2 Rc8 11. O-O O-O 12. Rac1 Re8 13. b3 Qa5 14. Nh2 Ne5 15.
Be2 Bc6 16. f4 Ned7 17. Bf3 Red8 18. Qe2 Nc5 19. Bd2 Qc7 20. Nd5 Bxd5 21. cxd5
Qb6 22. Be3 Qa6 23. Qxa6 Nxa6 24. Bxa7 Nb4 25. Bb6 Re8 26. a4 Nd7 27. Be3 Nd3
28. Rxc8 Rxc8 29. Bg4 Rc7 30. Bxd7 Rxd7 31. Rd1 Nc5 32. Bxc5 dxc5 33. e5 g5 34.
g3 gxf4 35. gxf4 Bh6 36. Kf2 Bxf4 37. Ng4 h5 38. Kf3 hxg4+ 39. Kxf4 gxh3 40.
Ke4 f6 41. Rg1+ Kf8 42. e6 Rd6 43. Rh1 Rb6 44. Rxh3 Rb4+ 45. Kf5 Rd4 46. Kg6
Rg4+ 47. Kf5 Rg5+ 48. Kf4 Rxd5 49. Rh8+ Kg7 50. Re8 f5 51. Rxe7+ Kf6 52. Rxb7
Rd4+ 53. Kf3 Kxe6 54. Rb6+ Ke5 55. a5 Rd3+ 56. Ke2 Rh3 57. a6 Ke4 58. a7 Rh2+
59. Kf1 Rh1+ 60. Kf2 Ra1 61. Re6+ Kd4 62. Re7 Kc3 63. Rc7 Kxb3 64. Rxc5 Rxa7
65. Rxf5 1/2-1/2

[Event "Championnat de la Loire - Top20"]
[Site "Loire"]
[Date "2002.10.12"]
[Round "2.5"]
[White "Garon, Pierre"]
[Black "Poncet, Alain"]
[Result "1-0"]
[WhiteElo "1960"]
[BlackElo "1950"]
[PlyCount "119"]

1. d4 Nf6 2. Nf3 b6 3. e3 Bb7 4. Bd3 e6 5. O-O Be7 6. Nbd2 O-O 7. b3 d6 8. Bb2
Nbd7 9. Qe2 Qc8 10. Rac1 c5 11. c4 Qc7 12. Rfd1 Rfd8 13. Bb1 Nf8 14. e4 Ng6 15.
h3 Rd7 16. e5 Ne8 17. dxc5 dxc5 18. Ne4 Rad8 19. Rxd7 Rxd7 20. Bc2 Qd8 21. Qe3
Nh4 22. Nxh4 Bxh4 23. Bc3 Be7 24. Qf4 h6 25. Re1 Bc6 26. Re3 Bg5 27. Nxg5 Qxg5
28. Qxg5 hxg5 29. Rg3 f6 30. Bg6 Kf8 31. Bxe8 Kxe8 32. exf6 gxf6 33. Bxf6 Rd1+
34. Kh2 Rd2 35. Bxg5 Rxf2 36. a4 Re2 37. h4 Kf7 38. Bd8 e5 39. Bc7 e4 40. Bf4
a6 41. Be3 Bd7 42. h5 Bf5 43. h6 Rb2 44. Bf4 Rf2 45. Bc7 b5 46. axb5 axb5 47.
cxb5 e3 48. Rxe3 Kg6 49. Kg1 Rc2 50. Bf4 c4 51. b6 Bc8 52. Rg3+ Kf5 53. h7 Kxf4
54. Rf3+ Kg4 55. h8=Q cxb3 56. Qg7+ Kh5 57. Qf7+ Kh6 58. Rf6+ Kg5 59. Qg7+ Kh5
60. Rh6# 1-0

[Event "Championnat de la Loire - Top20"]
[Site "Loire"]
[Date "2002.10.19"]
[Round "2.6"]
[White "Massard, Christian"]
[Black "Rea, Laurent"]
[Result "1-0"]
[WhiteElo "1710"]
[BlackElo "1760"]
[PlyCount "119"]

1. Nf3 d5 2. c4 d4 3. b4 Bg4 4. Ne5 Bh5 5. g4 Bg6 6. Bg2 c6 7. f4 e6 8. O-O Nd7
9. Nxd7 Qxd7 10. Qb3 Nf6 11. h3 Be4 12. d3 Bxg2 13. Kxg2 Bd6 14. Nd2 h6 15. Nf3
c5 16. bxc5 Bb8 17. Qb5 O-O 18. Qxd7 Nxd7 19. Nxd4 Nxc5 20. Ba3 Rc8 21. Rab1 b6
22. Bxc5 Rxc5 23. Kf3 Bd6 24. Rb5 Rc7 25. Rfb1 Rd8 26. a4 Rdd7 27. Nc2 Kf8 28.
Nb4 Bxb4 29. R1xb4 Ke7 30. g5 hxg5 31. Rxg5 Kf8 32. Rh5 g6 33. Rg5 Ke7 34. Rb3
Rd8 35. e3 Rcd7 36. d4 Rc8 37. c5 bxc5 38. Rxc5 Rcd8 39. Rbc3 Kf8 40. Rc7 Kg7
41. Rxd7 Rxd7 42. Rc5 Rb7 43. Rb5 Rc7 44. a5 Kf8 45. Rc5 Rd7 46. Rc6 Ke7 47.
Ke4 f6 48. Kd3 Rb7 49. a6 Rd7 50. Kc4 g5 51. fxg5 fxg5 52. Rc5 Kf6 53. e4 Kg6
54. Rc6 Re7 55. d5 Kf7 56. Rxe6 Rxe6 57. dxe6+ Kxe6 58. Kc5 Kd7 59. Kd5 Ke7 60.
Kc6 1-0

[Event "Championnat de la Loire - Top20"]
[Site "Loire"]
[Date "2002.10.19"]
[Round "2.7"]
[White "Etlicher, Dominique"]
[Black "Carrot, Patrick"]
[Result "1/2-1/2"]
[WhiteElo "2040"]
[BlackElo "1780"]
[PlyCount "95"]

1. d4 d5 2. c4 e6 3. Nc3 Nf6 4. cxd5 exd5 5. Bg5 Be7 6. e3 c6 7. Qc2 Bg4 8. Bd3
Nbd7 9. f3 Bh5 10. Nge2 Bg6 11. Bxg6 hxg6 12. Bf4 Nh5 13. O-O-O Nxf4 14. Nxf4
Bg5 15. g3 Qf6 16. Kb1 Nb6 17. Rhe1 Bxf4 18. gxf4 O-O-O 19. Re2 Qf5 20. e4 Qxf4
21. b3 Rh3 22. Rd3 Rxf3 23. Rxf3 Qxf3 24. Rf2 Qe3 25. Rxf7 Qxd4 26. exd5 Nxd5
27. Nxd5 Qxd5 28. Rf2 Qd3 29. Rg2 Qxc2+ 30. Kxc2 Rd6 31. Rg5 Kd8 32. h4 Ke7 33.
a4 Kf6 34. Kc3 Rd5 35. Rg4 g5 36. hxg5+ Rxg5 37. Rh4 Rd5 38. Rf4+ Rf5 39. Rd4
Ke6 40. Rd8 g5 41. Rg8 Kf7 42. Rb8 b5 43. a5 Kg6 44. Rc8 Rf6 45. Ra8 Rf7 46.
Rc8 Rf6 47. Ra8 Rf7 48. Rc8 1/2-1/2

[Event "Championnat de la Loire - Top20"]
[Site "Loire"]
[Date "2002.10.19"]
[Round "2.8"]
[White "Mujic, Saban"]
[Black "Bellon, Yves"]
[Result "1-0"]
[WhiteElo "1780"]
[BlackElo "1890"]
[PlyCount "73"]

1. Nf3 c5 2. c4 b6 3. g3 Bb7 4. Bg2 Nf6 5. O-O e6 6. e3 Be7 7. Nc3 a6 8. b3 d6
9. d3 O-O 10. Bb2 Qc7 11. Re1 Nbd7 12. d4 cxd4 13. exd4 Rfe8 14. Qc2 d5 15. Ne5
Nxe5 16. dxe5 Nd7 17. cxd5 exd5 18. Rac1 Rac8 19. Qf5 g6 20. Qf4 Qd8 21. e6
fxe6 22. Rxe6 Nc5 23. Qg4 d4 24. Ne4 Nxe6 25. Qxe6+ Kg7 26. Rxc8 Bxc8 27. Qe5+
Bf6 28. Qf4 Be5 29. Qd2 Bf5 30. f4 Bxe4 31. Bxe4 Bf6 32. Bd3 b5 33. Bc1 Qd5 34.
Qf2 Qc5 35. Bd2 Qa3 36. f5 Qxa2 37. Bh6+ 1-0

[Event "Championnat de la Loire - Top20"]
[Site "Loire"]
[Date "2002.10.19"]
[Round "2.9"]
[White "Walter, Alain"]
[Black "Valentin, Alain"]
[Result "1/2-1/2"]
[WhiteElo "1840"]
[BlackElo "1710"]
[PlyCount "139"]

1. e4 e6 2. d4 d5 3. Nc3 Bb4 4. e5 c5 5. a3 Bxc3+ 6. bxc3 Ne7 7. h4 Nbc6 8. Nf3
Bd7 9. Bd3 c4 10. Bf1 Qa5 11. Bd2 O-O-O 12. g3 Kb8 13. Bh3 f6 14. O-O fxe5 15.
Ng5 Rdf8 16. Bxe6 Bxe6 17. Nxe6 Rf7 18. dxe5 Nxe5 19. Nd4 Ka8 20. Qe2 N7c6 21.
f4 Nd7 22. Nxc6 bxc6 23. Qe6 Qc5+ 24. Be3 Re7 25. Bxc5 Rxe6 26. Bf2 Nf6 27. Bd4
Rhe8 28. Bxf6 gxf6 29. Kg2 Re3 30. Rf3 Re2+ 31. Rf2 R8e3 32. Ra2 Rxf2+ 33. Kxf2
Rxc3 34. a4 Kb7 35. g4 h6 36. g5 hxg5 37. hxg5 fxg5 38. fxg5 Rh3 39. g6 Rh6 40.
Rb2+ Kc7 41. a5 Rxg6 42. a6 Kd6 43. Rb7 Kc5 44. Rxa7 Kb6 45. Ra8 Rg7 46. Ke3
Ra7 47. Rb8+ Kc5 48. c3 Rxa6 49. Rb2 Ra7 50. Rd2 Rh7 51. Rd4 Rh3+ 52. Kd2 Kb5
53. Rf4 Ka4 54. Rf1 Ka3 55. Rb1 Rh2+ 56. Ke3 Rb2 57. Re1 Kb3 58. Kd4 Rd2+ 59.
Kc5 Kxc3 60. Kxc6 d4 61. Kc5 Kc2 62. Kxc4 d3 63. Ra1 Re2 64. Ra2+ Kd1 65. Ra1+
Kd2 66. Ra2+ Ke3 67. Ra6 Rc2+ 68. Kb3 Ke2 69. Rh6 Rc8 70. Rh2+ 1/2-1/2

[Event "Championnat de la Loire - Top20"]
[Site "Loire"]
[Date "2002.10.19"]
[Round "2.10"]
[White "Petit, Didier"]
[Black "Bruel, Bruno"]
[Result "0-1"]
[WhiteElo "1810"]
[BlackElo "1700"]
[PlyCount "78"]

1. d4 d5 2. c4 c6 3. Nc3 Nf6 4. Bg5 e6 5. Nf3 Be7 6. Bxf6 Bxf6 7. e4 O-O 8. e5
Be7 9. Bd3 dxc4 10. Bxc4 b5 11. Bb3 Bb7 12. Qe2 Nd7 13. Rd1 Qa5 14. O-O b4 15.
Ne4 Nb6 16. Qc2 h6 17. Nfd2 Ba6 18. Rfe1 Rfd8 19. Nc4 Nxc4 20. Bxc4 Bxc4 21.
Qxc4 Qd5 22. b3 a5 23. f3 a4 24. Kf2 axb3 25. axb3 Ra5 26. Ke3 f5 27. exf6 gxf6
28. Nd2 Kf7 29. g3 Qd7 30. f4 Rd5 31. Nf3 Ke8 32. Qc2 Bf8 33. Qg6+ Qf7 34. Qc2
c5 35. Kf2 Qd7 36. Qg6+ Ke7 37. Nh4 Kd6 38. dxc5+ Kxc5 39. Rxd5+ 39... Qxd5
$138 0-1

[Event "Championnat de la Loire - Top20"]
[Site "Loire"]
[Date "2002.11.30"]
[Round "3.1"]
[White "Testard, Philippe"]
[Black "Cizeron, Frederic"]
[Result "0-1"]
[WhiteElo "2100"]
[BlackElo "2092"]
[PlyCount "100"]

1. d4 d5 2. c4 c6 3. Nf3 Nf6 4. Nc3 dxc4 5. a4 Bf5 6. Ne5 e6 7. Nxc4 Bb4 8. Bg5
Nbd7 9. g3 h6 10. Bf4 Nb6 11. Ne5 Ne4 12. Rc1 Nd5 13. Bd2 Nxd2 14. Qxd2 Nb6 15.
Qd1 Qd5 16. Nf3 Be4 17. Bg2 Qa5 18. O-O Bxc3 19. bxc3 Nxa4 20. Ra1 b5 21. c4
O-O 22. Ne5 Bxg2 23. Kxg2 Qc7 24. Qb3 Rab8 25. Rfc1 Qd6 26. e3 f6 27. Ng6 Rfe8
28. Nf4 Qd7 29. f3 Nb6 30. cxb5 cxb5 31. Ra6 Nc4 32. Rca1 Rb7 33. Kf2 e5 34.
Ne2 exd4 35. e4 d3 36. Nf4 Qd4+ 37. Kg2 Kh7 38. Nxd3 Rd8 39. Nf4 Rdd7 40. R1a2
Qe3 41. Qxe3 Nxe3+ 42. Kf2 Nd1+ 43. Ke1 Nc3 44. Rd2 b4 45. Rxd7 Rxd7 46. Nd5
Nxd5 47. exd5 b3 48. Ra5 Rb7 49. Ra1 Kg6 50. Kd2 Kf5 0-1

[Event "Championnat de la Loire - Top20"]
[Site "Loire"]
[Date "2002.11.30"]
[Round "3.2"]
[White "Deville, Olivier"]
[Black "Cursoux, Gerard"]
[Result "1-0"]
[WhiteElo "2032"]
[BlackElo "2030"]
[PlyCount "99"]

1. d4 c5 2. d5 d6 3. e4 Nf6 4. Nc3 g6 5. Bb5+ Nbd7 6. a4 Bg7 7. Nf3 O-O 8. O-O
a6 9. Be2 Qc7 10. h3 e5 11. dxe6 fxe6 12. Be3 b6 13. Bc4 Re8 14. Bf4 Ne5 15.
Nxe5 dxe5 16. Bg5 Nh5 17. g3 Rb8 18. Qe2 Ra8 19. Rad1 h6 20. Bc1 Kh7 21. Rd2
Bb7 22. Rfd1 Nf6 23. Rd6 Bf8 24. Rxe6 Rxe6 25. Bxe6 Bc6 26. Nd5 Bxd5 27. Bxd5
Rd8 28. Qxa6 Nxe4 29. Qd3 Nd6 30. Qe2 Re8 31. h4 Qe7 32. h5 Qf6 33. Be4 Nxe4
34. Qxe4 Qf5 35. hxg6+ Kxg6 36. Qxf5+ Kxf5 37. Rd7 h5 38. Rb7 Re6 39. Rf7+ Rf6
40. Rxf6+ Kxf6 41. c3 Ke6 42. Bd2 Kd5 43. b4 cxb4 44. cxb4 Kc4 45. a5 bxa5 46.
bxa5 Kb5 47. Kf1 Be7 48. Ke2 h4 49. g4 Bf6 50. g5 1-0

[Event "Championnat de la Loire - Top20"]
[Site "Loire"]
[Date "2002.11.30"]
[Round "3.3"]
[White "Ollier, Michel"]
[Black "Garon, Pierre"]
[Result "1-0"]
[WhiteElo "1830"]
[BlackElo "1960"]
[PlyCount "37"]

1. e4 e5 2. Nf3 Nf6 3. Nxe5 d6 4. Nf3 Nxe4 5. Nc3 Nxc3 6. dxc3 Nc6 7. Be3 Be7
8. Bb5 a6 9. Bxc6+ bxc6 10. Nd4 Qd7 11. Qf3 Bb7 12. Nf5 Bf6 13. O-O-O Rb8 14.
Rhe1 O-O 15. Bd4 Bg5+ 16. Kb1 Bc8 17. g4 g6 18. Nh6+ Bxh6 19. Qf6 1-0

[Event "Championnat de la Loire - Top20"]
[Site "Loire"]
[Date "2002.11.30"]
[Round "3.5"]
[White "Mujic, Saban"]
[Black "Graillon, David"]
[Result "0-1"]
[WhiteElo "1780"]
[BlackElo "1940"]
[PlyCount "108"]

1. Nf3 Nf6 2. d4 c6 3. c4 b5 4. e3 bxc4 5. Bxc4 Ba6 6. Qe2 Bxc4 7. Qxc4 e6 8.
O-O Be7 9. b3 O-O 10. Nbd2 d5 11. Qd3 Nbd7 12. Bb2 c5 13. Rac1 Rc8 14. Rc2 Qb6
15. Rfc1 Qb7 16. h3 Rfd8 17. Ba1 Bd6 18. Kf1 Ne4 19. Qe2 Nxd2+ 20. Nxd2 cxd4
21. Bxd4 e5 22. Bb2 Bb4 23. Nf3 f6 24. Qd1 Nb6 25. Rxc8 Rxc8 26. Rxc8+ Qxc8 27.
Qc1 Qa6+ 28. Kg1 Qxa2 29. Qa1 Qxa1+ 30. Bxa1 Nd7 31. Kf1 Nc5 32. Ke2 Nxb3 33.
Bb2 Kf7 34. Ne1 Ke6 35. Nc2 a5 36. f3 Kd6 37. g4 Kc5 38. g5 d4 39. exd4+ Nxd4+
40. Nxd4 exd4 41. Kd3 Bc3 42. gxf6 gxf6 43. Ba3+ Kd5 44. f4 f5 45. Be7 Bb4 46.
Bf6 Bc5 47. Bh4 a4 48. Be1 a3 49. Kc2 Kc4 50. Bd2 Bb4 51. Bc1 d3+ 52. Kd1 d2
53. Bxa3 Bxa3 54. Kxd2 Bc1+ 0-1

[Event "Championnat de la Loire - Top20"]
[Site "Loire"]
[Date "2002.11.30"]
[Round "3.6"]
[White "Bruel, Bruno"]
[Black "Fuster, Pierre"]
[Result "0-1"]
[WhiteElo "1700"]
[BlackElo "1910"]
[PlyCount "80"]

1. d4 d5 2. c4 c6 3. Nf3 Nf6 4. Nc3 e6 5. e3 Nbd7 6. Bd3 dxc4 7. Bxc4 b5 8. Bd3
a6 9. O-O Bb7 10. Qe2 c5 11. dxc5 Bxc5 12. Rd1 Qb6 13. a3 Rc8 14. Bd2 O-O 15.
b4 Be7 16. e4 Ng4 17. Rac1 Nge5 18. Be3 Nxf3+ 19. Qxf3 Qd8 20. Qh3 Bg5 21. f4
Be7 22. Bf2 Qe8 23. e5 g6 24. g4 Rc7 25. g5 Qa8 26. Bf1 Rfc8 27. Rd3 Nf8 28.
Rcd1 Be4 29. Re3 Bf5 30. Qg3 Rd8 31. Rde1 Qc8 32. Bg2 Rd2 33. Be4 Rcd7 34. h4
Rb2 35. R3e2 Rb3 36. Re3 Rc7 37. Nd5 exd5 38. Bxf5 Rxe3 39. Bxc8 Rxg3+ 40. Bxg3
Rxc8 0-1

[Event "Championnat de la Loire - Top20"]
[Site "Loire"]
[Date "2002.11.30"]
[Round "3.7"]
[White "Rea, Laurent"]
[Black "Etlicher, Dominique"]
[Result "1/2-1/2"]
[WhiteElo "1760"]
[BlackElo "2040"]
[PlyCount "81"]

1. d4 Nf6 2. c4 e6 3. a3 c5 4. d5 exd5 5. cxd5 d6 6. Nc3 g6 7. e4 Bg7 8. Bd3
O-O 9. Nge2 a6 10. a4 Nbd7 11. f4 Re8 12. O-O Qc7 13. Rb1 c4 14. Bc2 Nc5 15.
Ng3 Bg4 16. Qd2 Bd7 17. h3 b5 18. e5 dxe5 19. Qf2 e4 20. f5 Nd3 21. Bxd3 exd3
22. Bg5 Qa7 23. Qxa7 Rxa7 24. fxg6 fxg6 25. Bxf6 Bxf6 26. Rxf6 b4 27. Nce4 Bxa4
28. Rbf1 Kg7 29. Ng5 d2 30. Ne6+ Rxe6 31. dxe6 d1=Q 32. Rxd1 Bxd1 33. Rf4 Bb3
34. Ne4 Rc7 35. Kf2 c3 36. bxc3 bxc3 37. e7 Ba4 38. Nxc3 Rxc3 39. Rxa4 Kf7 40.
Rxa6 Rc7 41. e8=Q+ 1/2-1/2

[Event "Championnat de la Loire - Top20"]
[Site "Loire"]
[Date "2002.11.30"]
[Round "3.8"]
[White "Poncet, Alain"]
[Black "Valentin, Alain"]
[Result "1-0"]
[WhiteElo "1950"]
[BlackElo "1710"]
[PlyCount "35"]

1. d4 Nf6 2. c4 e6 3. Nf3 b6 4. Nc3 Bb4 5. Bg5 Bb7 6. e3 h6 7. Bh4 g5 8. Bg3
Ne4 9. Qc2 d5 10. a3 Nxg3 11. hxg3 Bd6 12. cxd5 exd5 13. Qf5 a6 14. Nxg5 Qe7
15. Nxd5 Bxd5 16. Qxd5 c6 17. Qf5 Bxg3 18. Qc8+ 1-0

[Event "Championnat de la Loire - Top20"]
[Site "Loire"]
[Date "2002.11.30"]
[Round "3.9"]
[White "Carrot, Patrick"]
[Black "Walter, Alain"]
[Result "1-0"]
[WhiteElo "1780"]
[BlackElo "1840"]
[PlyCount "101"]

1. e4 c6 2. d4 d5 3. Nc3 dxe4 4. Nxe4 Nd7 5. Nf3 Ngf6 6. Ng3 e6 7. Bd3 Bd6 8.
O-O O-O 9. Re1 b6 10. Ne5 Qc7 11. f4 Re8 12. Ne4 Bb7 13. Nxd6 Qxd6 14. Be2 c5
15. Bf3 Bxf3 16. Nxf3 Rac8 17. c3 Nd5 18. Ne5 cxd4 19. Nxd7 Qxd7 20. Qxd4 Qb5
21. a4 Qc6 22. Be3 Rcd8 23. Qe4 Ne7 24. Qxc6 Nxc6 25. Rad1 f6 26. Kf2 Kf7 27.
Rxd8 Rxd8 28. Ke2 g6 29. Rd1 Rxd1 30. Kxd1 e5 31. fxe5 Nxe5 32. Ke2 Ke6 33. Bd4
Nc6 34. Be3 Kd5 35. b3 Ke4 36. Bf2 Na5 37. b4 Nc4 38. a5 f5 39. a6 f4 40. Bd4
g5 41. g4 Nb2 42. Bxb6 f3+ 43. Kf1 Kd5 44. Bxa7 Kc6 45. Bd4 Nc4 46. Kf2 Nd6 47.
Kxf3 Nb5 48. Ke4 Nc7 49. a7 Kb7 50. Kf5 h6 51. Kg6 1-0

[Event "Championnat de la Loire - Top20"]
[Site "Loire"]
[Date "2002.11.30"]
[Round "3.10"]
[White "Bellon, Yves"]
[Black "Petit, Didier"]
[Result "1-0"]
[WhiteElo "1890"]
[BlackElo "1810"]
[PlyCount "95"]

1. d4 Nf6 2. c4 e6 3. Nc3 c5 4. d5 exd5 5. cxd5 d6 6. e4 g6 7. f4 Bg7 8. Bb5+
Bd7 9. e5 Bxb5 10. exf6 Bxf6 11. Nxb5 Qa5+ 12. Nc3 Bxc3+ 13. bxc3 Qxc3+ 14. Bd2
Qd4 15. Nf3 Qxd5 16. O-O O-O 17. Bc3 Qc4 18. Qd2 Nc6 19. Rac1 Qe6 20. Ng5 Qf5
21. Qxd6 Rad8 22. Qf6 Qxf6 23. Bxf6 Rd6 24. Bb2 Rd2 25. Bc3 Rxa2 26. Bf6 h6 27.
Rc3 Ra6 28. Rh3 Nd8 29. Ne4 Kh7 30. Rd1 Ne6 31. Ng5+ Nxg5 32. fxg5 h5 33. g4
Ra4 34. gxh5 Rg4+ 35. Kf2 gxh5 36. Rxh5+ Kg6 37. Rh6+ Kf5 38. Rd5+ Ke4 39. Re5+
Kd3 40. Rh3+ Kc4 41. Ra3 b5 42. Rxa7 Kb4 43. Rc7 Rc4 44. Rexc5 Rxc5 45. Rxc5
Ka4 46. h4 b4 47. Rc4 Kb3 48. Rxb4+ 1-0

[Event "Championnat de la Loire - Top20"]
[Site "Loire"]
[Date "2002.12.14"]
[Round "4.1"]
[White "Cizeron, Frederic"]
[Black "Deville, Olivier"]
[Result "1-0"]
[WhiteElo "2092"]
[BlackElo "2032"]
[PlyCount "45"]

1. d4 d5 2. Nf3 c6 3. c4 e6 4. cxd5 exd5 5. Nc3 Bd6 6. Bg5 Ne7 7. e4 dxe4 8.
Nxe4 Bb4+ 9. Bd2 Bxd2+ 10. Qxd2 Nd5 11. Bd3 h6 12. O-O-O O-O 13. Rhg1 Bg4 14.
h3 Bxf3 15. gxf3 Qh4 16. Rg4 Qxh3 17. Rdg1 g6 18. Ng3 h5 19. Rg5 Nf6 20. Qf4
Nbd7 21. Nf5 Nd5 22. Qd6 N7f6 23. R5g3 1-0